UBT Library

Corporate Event Project Management (Record no. 48127)

000 -LEADER
fixed length control field 00303nam a22001337a 4500
008 - FIXED-LENGTH DATA ELEMENTS--GENERAL INFORMATION
fixed length control field 180920b xxu||||| |||| 00| 0 eng d
020 ## - INTERNATIONAL STANDARD BOOK NUMBER
International Standard Book Number 9780471402404
041 ## - LANGUAGE CODE
Language code of text/sound track or separate title eng
080 ## - UNIVERSAL DECIMAL CLASSIFICATION NUMBER
Universal Decimal Classification number 338
100 ## - Rafti
Rafti 53
101 ## - Shkurtesa
Shkurtesa MEN
245 ## - TITLE STATEMENT
Title Corporate Event Project Management
Statement of responsibility, etc O'Toole,W
942 ## - ADDED ENTRY ELEMENTS (KOHA)
Source of classification or shelving scheme
Item type Books
Holdings
Withdrawn status Lost status Source of classification or shelving scheme Damaged status Not for loan Collection code Permanent location Current location Shelving location Date acquired Total Checkouts Full call number Barcode Date last seen Price effective from Koha item type
          Koleksioni i përgjithshem UBT - Lipjan UBT - Lipjan Koleksioni i përgjithshem 09/20/2018   338 OTO 002-3013228 09/20/2018 09/20/2018 Books
          Koleksioni i përgjithshem UBT - Lipjan UBT - Lipjan Koleksioni i përgjithshem 09/20/2018   338 OTO 002-3013227 09/20/2018 09/20/2018 Books
          Koleksioni i përgjithshem UBT - Lipjan UBT - Lipjan Koleksioni i përgjithshem 09/20/2018   338 OTO 002-3013226 09/20/2018 09/20/2018 Books
          Koleksioni i përgjithshem UBT - Lipjan UBT - Lipjan Koleksioni i përgjithshem 09/20/2018   338 OTO 002-3013225 09/20/2018 09/20/2018 Books
          Koleksioni i përgjithshem UBT - Lipjan UBT - Lipjan Koleksioni i përgjithshem 09/20/2018   338 OTO 002-3013230 09/20/2018 09/20/2018 Books
          Koleksioni i përgjithshem UBT - Lipjan UBT - Lipjan Koleksioni i përgjithshem 09/20/2018   338 OTO 002-3013231 09/20/2018 09/20/2018 Books
          Koleksioni i përgjithshem UBT - Lipjan UBT - Lipjan Koleksioni i përgjithshem 09/20/2018   338 OTO 002-3013232 09/20/2018 09/20/2018 Books
          Koleksioni i përgjithshem UBT - Lipjan UBT - Lipjan Koleksioni i përgjithshem 09/20/2018   338 OTO 002-3013233 09/20/2018 09/20/2018 Books
UBT Library © 2015-2024. All rights reserved University Education for Business and Technology